Pierwsze Bramki w Turnieju (2010-2024) - Statystyki

Ogólne statystyki
  • Ten quiz został rozwiązany 72 razy
  • Średni wynik to 5 z 8
Statystyki odpowiedzi
Turniej Pozycja Kraj Rywal Zawodnik % Poprawnych
EURO 2012 N Polska Grecja Robert Lewandowski
90%
EURO 2024 ŚPO Niemcy Szkocja Florian Wirtz
81%
EURO 2016 N Francja Rumunia Olivier Giroud
76%
MŚ 2014 LO Brazylia Chorwacja Marcelo (sam.)
75%
MŚ 2022 N Ekwador Katar Enner Valencia
64%
WC 2010 LP RPA Meksyk Siphiwe Tshabalala
56%
EURO 2020 ŚO Turcja Włochy Merih Demiral (sam.)
51%
MŚ 2018 ŚP Rosja Arabia Saud. Jurij Gazinski
7%
Nie znaleziono quizów pasujących do podanych kryteriów
Rozkład punktacji
Procent ludzi z każdym wynikiem
Percentyl według liczby udzielonych odpowiedzi
Twoja historia wyników
Nie rozwiązałeś tego quizu